| 000 | 01169cam a22002175a 4500 | ||
|---|---|---|---|
| 001 | L149141 | ||
| 008 | 100115s2009 xxk 000 0 eng d | ||
| 035 | _a(Sirsi) u149141 | ||
| 041 | 0 | _aeng | |
| 100 | 1 | _aJohn, Edward | |
| 245 | 0 | 0 |
_aDon't let sleeping tenants lie _bdormant and dissolved tenants |
| 260 | _c2009 | ||
| 490 | 0 |
_aLovells Real Estate Quarterly _vAutumn 2009, 11-12(2) |
|
| 520 | _aLandlords undertaking an audit of their corporate tenants may find that a surprising number are dormant (not trading) or have been dissolved (ceased to exist) even though rents continue to be paid. Defines dormant and dissolved in company law terms and outlines the implications for landlords of having these kinds of tenants. Landlords can easily analyse the status of their company tenants by searching the Companies House online database (www.companieshouse.gov.uk). | ||
| 590 | _aKA | ||
| 650 | 2 | 4 | _aCOMPANIES ACT 2006 S1169 |
| 650 | 2 | 4 | _aLANDLORD AND TENANT ACT 1954 |
| 651 | 4 |
_aEngland and Wales _y1543- |
|
| 690 | _aPROPERTY-COMMERCIAL PROPERTY-LEASEHOLD COMMERCIAL PROPERTY-COMMERCIAL LANDLORD AND TENANT-BUSINESS TENANCIES-BUSINESS TENANTS | ||
| 942 | _n0 | ||
| 999 |
_c82075 _d82075 |
||